| 000 | 00397nam a2200145 4500 | ||
|---|---|---|---|
| 040 | _cDLC | ||
| 082 | 0 | 0 | _a658 SOC 1969 A105 Or. |
| 100 | 1 | _aFilley, Alan C. | |
| 245 | 1 | 0 | _aManagerial process and organizational behavior |
| 260 |
_a[Glenview, Ill.] _bScott, Foresman _c[1969] |
||
| 300 |
_a499 p. _billus. _c24 cm. |
||
| 650 | 0 | _aIndustrial management. | |
| 700 | 1 | _aHouse, Robert J., | |
| 942 | _cEK | ||
| 999 |
_c16273 _d16273 |
||